A Safari In the Equity World (Record no. 569944)

MARC details
000 -LEADER
fixed length control field 00489nam a2200181Ia 4500
008 - FIXED-LENGTH DATA ELEMENTS--GENERAL INFORMATION
fixed length control field 250327s9999 xx 000 0 und d
020 ## - INTERNATIONAL STANDARD BOOK NUMBER
ISBN 9789353337056
Paper back/Hardbound pbk.
041 ## - LANGUAGE CODE
Language code of text/sound track or separate title eng.
082 ## - DEWEY DECIMAL CLASSIFICATION NUMBER
Classification number 332.6 DHO
100 ## - MAIN ENTRY--AUTHOR NAME
Personal name Dhoot, Ritesh
245 #2 - TITLE STATEMENT
Title A Safari In the Equity World
Statement of responsibility, etc /Ritesh Dhoot;
250 ## - EDITION STATEMENT
Edition statement 1ST ED.
260 ## - PUBLICATION, DISTRIBUTION, ETC. (IMPRINT)
Name of publisher Rupa publications india,
Year of publication 2019.
Place of publication New Delhi:
300 ## - PHYSICAL DESCRIPTION
Number of Pages 180 p. :
Dimensions 19cm.
650 ## - SUBJECT ADDED ENTRY--TOPICAL TERM
Topical Term Financial economics
942 ## - ADDED ENTRY ELEMENTS (KOHA)
Koha item type English Books
Holdings
Withdrawn status Lost status Damaged status Not for loan Home library Current library Shelving location Date acquired Cost, normal purchase price Full call number Accession Number Price effective from Koha item type
        Anna Centenary Library Anna Centenary Library 4TH FLOOR, A WING 27.03.2025 295.00 332.6 DHO 699461 27.03.2025 English Books
        Anna Centenary Library Anna Centenary Library 4TH FLOOR, A WING 27.03.2025 295.00 332.6 DHO 699462 27.03.2025 English Books

Find us on the map